Loading...
Science - Chemistry | 0 | 3 | 1 | 0 | 25 | 102 | 105.33 | 0 | 1 |
Religion | 1 | 1 | 0 | 0 | 25 | 57 | 95.00 | 0 | 1 |
Geography | 1 | 0 | 0 | 0 | 15 | 51 | 51.00 | 1 | 1 |
Other Academic | 1 | 0 | 0 | 0 | 15 | 93 | 93.00 | 0 | 1 |
Science - Biology | 0 | 2 | 1 | 0 | 15 | 133 | 137.00 | 0 | 2 |
Social Science | 1 | 0 | 0 | 0 | 15 | 60 | 60.00 | 0 | 1 |
Fine Arts - Classical Music and Opera | 0 | 1 | 0 | 1 | 10 | 163 | 163.00 | 0 | 0 |
Fine Arts - Other Arts | 0 | 1 | 0 | 1 | 10 | 138 | 138.00 | 0 | 0 |
Fine Arts - Painting and Sculpture | 0 | 1 | 0 | 0 | 10 | 147 | 147.00 | 0 | 0 |
History - American History | 0 | 1 | 0 | 1 | 10 | 128 | 128.00 | 0 | 0 |
Modern World | 0 | 1 | 0 | 1 | 10 | 146 | 146.00 | 0 | 0 |
Other Science (Earth Science) | 0 | 1 | 0 | 0 | 10 | 96 | 96.00 | 0 | 1 |
Science - Physics | 0 | 1 | 0 | 1 | 10 | 121 | 121.00 | 0 | 0 |
History - World History | 0 | 1 | 1 | 0 | 5 | 130 | 130.00 | 0 | 0 |
Philosophy | 0 | 0 | 0 | 0 | 0 | 0.00 | 0 | 0 | |
Other Science (Astronomy) | 0 | 0 | 0 | 0 | 0 | 0.00 | 0 | 0 | |
Other Science (Math) | 0 | 0 | 0 | 0 | 0 | 0.00 | 0 | 0 | |
Mythology | 0 | 0 | 1 | 0 | -5 | 0.00 | 0 | 0 | |
Other Science (Computer Science) | 0 | 0 | 2 | 0 | -10 | 0.00 | 0 | 0 |